000 00954nam a22002175i 4500
001 166529
003 ES-MaACL
005 20250903005842.0
008 050915s1901 fr | |||||||| ||fre d
040 _aCAM
_bspa
_cCAM
100 1 _aTorres Quevedo, Leonardo,
_d1852-1936
_9111002
245 1 0 _aSur les rapports entre le calcul mécanique et le calcul graphique /
_cpar L. Torres.
260 _aParis :
_bSociété Mathématique de France,
_c[1901?] (
_fImprimerie Gauthier-Villars)
300 _a12 p. ;
_c25 cm.
594 _aTít. y autor constan al principio del texto, el resto de los datos tomados de la cub.
595 _aExtrait du Bulletin de la Société mathématique de France, T. XXIX, 1901.
650 7 _aCálculo
_2embne
_910668
710 2 _aSociété Mathématique de France.
_9134942
852 _aES-MaACL
_jT-992-F-2
_z-- Enc. hol., conservando la cub. original
_z-- Enc. en un vol. facticio
999 _c166529
_d166529